000 00268nam a2200109Ia 4500
008 190723s9999 xx 000 0 und d
100 _aAzmat Wali (Alig)
245 0 _aConspiracy Against Pakistan
260 _aKarachi
_bRoyal Book
_c1990
300 _a367
942 _cBK
999 _c1256
_d1256